|
|
|
|
| LEADER |
00000nab a2200000 a 4500 |
| 001 |
vtls000904229 |
| 003 |
SK-MaSNL |
| 005 |
20260304000854.0 |
| 008 |
040720e20000518xo 0 slo |
| 035 |
|
|
|a KE13184
|
| 040 |
|
|
|a KEVKJB
|b slo
|c KEVKJB
|e AACR2
|
| 041 |
0 |
|
|a slo
|
| 044 |
|
|
|a xo
|c SK
|
| 080 |
|
|
|a 75
|2 1981
|
| 080 |
|
|
|a 929
|2 1981
|
| 100 |
0 |
|
|a pan
|4 aut
|9 827435
|
| 245 |
1 |
0 |
|a Šefčíkove sladké kvety
|
| 300 |
|
|
|b 1 obr.
|
| 590 |
|
|
|a Šefčík, Viktor 1960-,
|b maliar
|
| 600 |
1 |
7 |
|a Šefčík, Viktor,
|d 1960-,
|2 KEVKJB
|9 879405
|
| 610 |
2 |
7 |
|a Východoslovenské múzeum
|2 KEVKJB
|9 29561
|
| 611 |
1 |
7 |
|a Košické kvety (výstava)
|2 KEVKJB
|9 1276865
|
| 650 |
0 |
7 |
|a maliarstvo
|2 KEVKJB
|9 812
|
| 650 |
0 |
7 |
|a výstavy
|2 KEVKJB
|9 2780
|
| 650 |
0 |
7 |
|a informácie
|2 KEVKJB
|9 1285
|
| 651 |
|
7 |
|a Košice (Slovensko)
|2 KEVKJB
|9 18694
|
| 651 |
|
7 |
|a KE,
|2 KEVKJB
|9 877256
|
| 655 |
|
7 |
|a periodikum
|2 snkbucl
|9 29553
|
| 710 |
2 |
|
|a Východoslovenské múzeum
|4 aut
|9 29561
|
| 773 |
0 |
8 |
|t Košický večer
|g Roč. 11
|g Roč. 32, č.94, 18.5.2000, s. 8
|
| 852 |
|
|
|a ZVYKNI
|b KIS3GCP
|
| 999 |
|
|
|c 2533513
|d 2535443
|